Sheriff of Hangtown : a western duo / by Lauran Paine.
Record details
- ISBN: 9781594147388 (alk. paper)
- ISBN: 1594147388 (alk. paper)
- Physical Description: 256 pages ; 22 cm.
- Edition: 1st edition
- Publisher: Waterville : Five Star, 2009.
Content descriptions
| General Note: | "A Five Star western." |
| Formatted Contents Note: | Outlaw's hide-out -- Sheriff of Hangtown. |
Search for related items by subject
| Subject: | Outlaws > Fiction. Sheriffs > Fiction. |
| Genre: | Western stories. |
Available copies
- 1 of 1 copy available at scottsboropl.
Holds
- 0 current holds with 1 total copy.
Show Only Available Copies
| Location | Call Number / Copy Notes | Barcode | Shelving Location | Status | Due Date |
|---|---|---|---|---|---|
| scottsboropl | F Pai | 32269000824832 | Adult - Fiction | Available | - |
| LDR | 00985cam a22003018a 4500 | ||
|---|---|---|---|
| 001 | 131136 | ||
| 003 | CONS | ||
| 005 | 20140703073306.0 | ||
| 008 | 081212s2009 meu 000 1 eng | ||
| 010 | . | ‡a 2008053585 | |
| 020 | . | ‡a9781594147388 (alk. paper) | |
| 020 | . | ‡a1594147388 (alk. paper) | |
| 035 | . | ‡a(CPomAG)LMN501763 | |
| 050 | 0 | 0. | ‡aPS3566.A34 ‡bS493 2009 |
| 082 | 0 | 0. | ‡a813/.54 ‡222 |
| 100 | 1 | . | ‡aPaine, Lauran. |
| 245 | 1 | 0. | ‡aSheriff of Hangtown : ‡ba western duo / ‡cby Lauran Paine. |
| 250 | . | ‡a1st edition | |
| 260 | . | ‡aWaterville : ‡bFive Star, ‡c2009. | |
| 300 | . | ‡a256 pages ; ‡c22 cm. | |
| 500 | . | ‡a"A Five Star western." | |
| 505 | 0 | . | ‡aOutlaw's hide-out -- Sheriff of Hangtown. |
| 650 | 0. | ‡aOutlaws ‡vFiction. | |
| 650 | 0. | ‡aSheriffs ‡vFiction. | |
| 655 | 7. | ‡aWestern stories. ‡2gsafd | |
| 700 | 1 | 2. | ‡aPaine, Lauran. ‡tOutlaw's hide-out. |
| 959 | . | ‡i32269000824832 ‡lF Pai ‡aAdult - Fiction ‡tFiction ‡g25.00 | |
| 852 | . | ‡p32269000824832 ‡jF Pai ‡gAdult - Fiction ‡cFiction ‡y25.00 ‡bSBPL | |
| 901 | . | ‡a131136 ‡bUnknown ‡c131136 ‡tbiblio | |